Statistics for Countries with Polar Bears

Click here to take the quiz!

General Stats

  • This quiz has been taken 1,622 times
  • The average score is 5 of 5

Answer Stats

Countries With Polar Bears% Correct
Canada
99%
Russia
99%
Norway (Svalbard)
97%
United States of America
97%
Denmark (Greenland)
92%

Score Distribution

Percentile by Number Answered

Percent of People with Each Score

Your Score History

You have not taken this quiz